James Bond Villain Actors - Statistics

General Stats
  • This quiz has been taken 40 times
  • The average score is 15 of 29
Answer Stats
Picture Hint Answer % Correct
Max Zorin Christopher Walken
88%
Fransisco Scaramanga Christopher Lee
85%
Raoul Silva Javier Bardem
79%
Le Chiffre Mads Mikkelsen
74%
Alec Trevelyan Sean Bean
74%
Ernst Stavro Blofeld Telly Savalas
74%
Lyutsifer Safin Rami Malek
68%
Auric Goldfinger Gert Fröbe
62%
Elektra King Sophie Marceau
62%
Ernst Stavro Blofeld Donald Pleasence
59%
Renard Robert Carlyle
59%
Dr. Kananga Yaphet Kotto
59%
Ernst Stavro Blofeld Charles Gray
56%
Elliot Carver Jonathan Pryce
56%
Franz Sanchez Robert Davi
56%
Hugo Drax Michael Lonsdale
50%
Dr. No Joseph Wiseman
47%
Karl Stromberg Curt Jürgens
44%
Brad Whitaker Joe Don Baker
44%
Aristotle Kristatos Julian Glover
44%
Kamal Khan Louis Jourdan
44%
Rosa Klebb Lotte Lenya
41%
Emilio Largo Adolfo Celi
38%
General Koskov Jeroen Krabbé
38%
Gustav Graves Toby Stephens
38%
Dominic Greene Mathieu Amalric
32%
General Orlov Steven Berkoff
32%
Tov Kronsteen Vladek Sheybal
21%
Franz Oberhauser/Blofeld Christoph Watlz
12%
No matching quizzes found
Score Distribution
Percent of People with Each Score
Percentile by Number Answered
Your Score History
You have not taken this quiz